| 000 | 00550nam a22002057a 4500 | ||
|---|---|---|---|
| 003 | OSt | ||
| 005 | 20140310182926.0 | ||
| 008 | 130130t xxu||||| |||| 00| 0 eng d | ||
| 020 | _a971100528X | ||
| 050 |
_aPL 5535 _b.B814 1993 |
||
| 082 |
_aFIL 808.83 _b.B814 1993 |
||
| 245 |
_aFiction by Filipinos in America _cBrainard, Cecilia Manguerra |
||
| 260 |
_aQuezon City _bNew Day Publishers _c1993 |
||
| 300 |
_a270 p. _c22 cm. |
||
| 521 | _acollege students | ||
| 526 | _c1210L-1700L | ||
| 541 | _j1 | ||
| 562 | _e1 | ||
| 942 |
_2lcc _cBK _kFIL |
||
| 999 |
_c17415 _d17415 |
||